000 00873nam a2200169 a 4500
008 120416s1998 ||||||||||||||||| || u
020 _a8120314573
050 _aQA 76.9.I58 Sir
100 _aSirockman, Jason
245 1 0 _aMCSE work book
246 _athe interactive computer based training kit version 1.1
260 _aNew Delhi
_bFT Prentice-Hall
_c1998
350 _a0.00
995 _aANNEX COLLECTION (Main Library)
_D0.00
_e732581
_FCBU-MAIN LIBRARY (Kitwe)
_H3
_I20.00
_jQA 76.9.I58 Sir
_M3
_UAVAILABLE
_y029728
_ZAnnex Low-Usage Collection
995 _aMAIN LIBRARY OPEN ACCESS
_D0.00
_e732583
_FCBU-MAIN LIBRARY (Kitwe)
_H1
_I20.00
_jQA 76.9.I58 Sir
_M1
_UAVAILABLE
_y029726
_ZMain Library Open Access Collection
995 _aANNEX COLLECTION (Main Library)
_D0.00
_e732584
_FCBU-MAIN LIBRARY (Kitwe)
_H2
_I20.00
_jQA 76.9.I58 Sir
_M2
_UAVAILABLE
_y029725
_ZAnnex Low-Usage Collection
999 _c82798
_d82798